| 000 | 00790cab a22001815a 4500 | ||
|---|---|---|---|
| 001 | L149520 | ||
| 008 | 160310s20101204xxk f 000 0 eng d | ||
| 035 | _a(Sirsi) u149520 | ||
| 041 | 0 | _aeng | |
| 100 | 1 | _aFordham, Peter | |
| 245 | 0 | 0 | _aCost update |
| 260 | _c2010 | ||
| 490 |
_aBuilding _v275 (8618) 26 February 2010, 60-62(3) |
||
| 520 | _aQuarterly analysis of changes to construction costs and prices shows many costs are beginning to rise. All the construction cost index series are now on an upward trend. Construction materials prices show sharp rise over last six months. Wages remain frozen for builders, plumbers and H&V operatives. Wage increases for electricians 5% and steel erectors 2%. | ||
| 590 | _aKA | ||
| 690 | _aBUILT ENVIRONMENT-CONSTRUCTION MARKET | ||
| 942 | _n0 | ||
| 999 |
_c82196 _d82196 |
||